| Tag |
First Indicator |
Second Indicator |
Subfields |
| LEADER |
00000cam a2200000 i 4500 |
| 001 |
in00005720021 |
| 005 |
20260319183730.7 |
| 006 |
m o d |
| 007 |
cr cnu|||unuuu |
| 008 |
201217s2020 enk ob 001 0 eng d |
| 040 |
|
|
|a N$T
|b eng
|e rda
|e pn
|c N$T
|d N$T
|d OCLCO
|d EBLCP
|d OCLCF
|d STBDS
|d UCILW
|d OCLCO
|d UKAHL
|d OCLCQ
|d OCLCO
|d OCLCQ
|d SFB
|d OCLCQ
|d OCLCO
|d OCLCL
|d CLOUD
|d OCLCO
|d QGK
|d UKKRT
|d OCLCO
|d OCLCQ
|
| 019 |
|
|
|a 1202467872
|a 1415218938
|a 1480359088
|a 1485503732
|
| 020 |
|
|
|a 9780192604200
|q (electronic bk.)
|
| 020 |
|
|
|a 0192604201
|q (electronic bk.)
|
| 020 |
|
|
|a 9780191892547
|q (ebook)
|
| 020 |
|
|
|a 0191892548
|q (ebook)
|
| 020 |
|
|
|z 9780198860365
|
| 020 |
|
|
|a 9780192604217
|
| 020 |
|
|
|a 019260421X
|
| 035 |
|
|
|a (OCoLC)1227106377
|z (OCoLC)1202467872
|z (OCoLC)1415218938
|z (OCoLC)1480359088
|z (OCoLC)1485503732
|
| 043 |
|
|
|a e-uk---
|a n-us---
|
| 050 |
|
4 |
|a K1395
|
| 082 |
0 |
4 |
|a 346/.4106626
|2 23
|
| 049 |
|
|
|a TXAM
|
| 100 |
1 |
|
|a Paterson, Sarah
|c (Law teacher),
|e author.
|1 https://id.oclc.org/worldcat/entity/E39PCjwQTdjg7CP3qGqkQJjQYK
|
| 245 |
1 |
0 |
|a Corporate reorganization law and forces of change /
|c Sarah Paterson.
|
| 250 |
|
|
|a First edition.
|
| 264 |
|
1 |
|a Oxford, United Kingdom :
|b Oxford University Press,
|c 2020.
|
| 300 |
|
|
|a 1 online resource (xx, 291 pages)
|
| 336 |
|
|
|a text
|b txt
|2 rdacontent
|
| 337 |
|
|
|a computer
|b c
|2 rdamedia
|
| 338 |
|
|
|a online resource
|b cr
|2 rdacarrier
|
| 588 |
|
|
|a Online resource; title from PDF title page (EBSCO, viewed December 18, 2020).
|
| 504 |
|
|
|a Includes bibliographical references and index.
|
| 505 |
0 |
|
|a Introduction -- Initial conditions and emergence of corporate reorganization in the United States and England -- The rise of leverage -- The rise of trading -- The rise of secured credit -- The fall of the lifetime manager -- The fall of the gentleman banker -- The fall of the honest broker -- Looking to the future -- The approach in the book and implications for reform.
|
| 520 |
|
|
|a "Corporate Reorganisation Law argues that corporate reorganisation law is seen by market participants as a tool they can mobilise and adapt according to practices, logics, and identities in the of the financial and non-financial corporate markets. Thus changes in market practice, in the participants in the process, or in how the participants view their objectives, can significantly change the ways in which corporate reorganisation law is mobilised and adapted, even if the law has not undergone any reform. This book argues that corporate reorganisation law cannot be evaluated using a theoretical model in isolation from the wider institutional context in which corporate reorganisation law is mobilised and adapted by the participants to the process. In establishing the new methodology, the book undertakes a detailed analysis of six key changes in market practice, logic and identities in the financial and non-financial corporate fields. A comparative US/UK approach is adopted in analysing both the process of institutional change and the implications for law. This provides a fascinating lens through which to see how different institutional environments in the financial and non-financial markets in different jurisdictions are drawing together, and interacting with very different legal systems which were adapted to the distinct, original institutional environments in which they were developed. From this analysis important lessons for legal harmonisation efforts in Europe and in non-European jurisdictions are drawn out. The work emphasises the need to look at formal legal rules in combination with other, non-legal and legal institutions and argues that current reform debates in both the US and UK have suffered because scholars, practitioners, and policy makers have not started their evaluation of the case for reform by placing corporate reorganisation law in this wider institutional context. The book aims to fill this gap, and to provide a methodological approach for the future."--
|c Provided by publisher
|
| 650 |
|
0 |
|a Corporate reorganizations
|x Law and legislation
|z Great Britain.
|
| 650 |
|
0 |
|a Corporate reorganizations
|x Law and legislation
|z United States.
|
| 650 |
|
0 |
|a Corporate reorganizations.
|
| 650 |
|
0 |
|a Law and economics.
|
| 650 |
|
6 |
|a Entreprises
|x Réorganisation.
|
| 650 |
|
6 |
|a Droit et économie politique.
|
| 650 |
|
7 |
|a Bankruptcy & Insolvency.
|2 bisacsh
|
| 650 |
|
7 |
|a LAW.
|2 bisacsh
|
| 650 |
|
7 |
|a Business & Financial.
|2 bisacsh
|
| 650 |
|
7 |
|a Corporate reorganizations
|x Law and legislation
|2 fast
|
| 651 |
|
7 |
|a Great Britain
|2 fast
|1 https://id.oclc.org/worldcat/entity/E39PBJdmp7p3cx8hpmJ8HvmTpP
|
| 651 |
|
7 |
|a United States
|2 fast
|1 https://id.oclc.org/worldcat/entity/E39PBJtxgQXMWqmjMjjwXRHgrq
|
| 655 |
|
7 |
|a Electronic books.
|2 local
|
| 758 |
|
|
|i has work:
|a Corporate reorganization law and forces of change (Text)
|1 https://id.oclc.org/worldcat/entity/E39PCFVWDB4PyrHb4Tf687CXJP
|4 https://id.oclc.org/worldcat/ontology/hasWork
|
| 776 |
0 |
8 |
|i Print version:
|a Paterson, Sarah.
|t Corporate Reorganisation Law and Forces of Change.
|d Oxford : Oxford University Press USA - OSO, ©2020
|z 9780198860365
|
| 856 |
4 |
0 |
|u http://proxy.library.tamu.edu/login?url=https://academic.oup.com/book/31868
|z Connect to the full text of this electronic book
|t 0
|
| 955 |
|
|
|a Oxford Scholarship Online
|
| 994 |
|
|
|a 92
|b TXA
|
| 999 |
f |
f |
|i afc1dfc5-65d1-4ed4-b51d-a6f0c1d4ea5e
|s 69a29674-b0cd-4aa5-aad9-06995049da62
|t 0
|
| 952 |
f |
f |
|a Texas A&M University
|b College Station
|c Electronic Resources
|s www_evans
|d Available Online
|t 0
|e K1395
|h Library of Congress classification
|
| 998 |
f |
f |
|a K1395
|t 0
|l Available Online
|